[Event "23rd ETCC Open 2021"]
[Site "Catez"]
[Date "2021.11.20"]
[Round "8.29"]
[White "Christiansen, Johan-Sebastian"]
[Black "Jobava, Baadur"]
[Result "1-0"]
[WhiteElo "2582"]
[BlackElo "2582"]
[Annotator "ChessBase"]
[PlyCount "95"]
[EventDate "2021.11.08"]
[EventType "team-tourn"]
[EventCountry "SLO"]
[SourceTitle "playchess.com"]
[Source "ChessBase"]
[SourceQuality "1"]
[WhiteTeam "Norway"]
[BlackTeam "Georgia"]
[WhiteTeamCountry "NOR"]
[BlackTeamCountry "GEO"]
[TimeControl "40/5400+30:1800+30"]

1. e4 c6 2. d4 d5 3. Nd2 dxe4 4. Nxe4 Bf5 5. Ng3 Bg6 6. h4 h6 7. Nf3 Nd7 8. h5
Bh7 9. Bd3 Bxd3 10. Qxd3 e6 11. Bf4 Qa5+ 12. Bd2 Qc7 13. O-O-O Ngf6 14. Ne4
O-O-O 15. g3 Nxe4 16. Qxe4 Nf6 17. Qe2 Bd6 18. Rh4 a6 19. c4 c5 20. Bc3 Rhe8
21. dxc5 Bxc5 22. Rxd8+ Rxd8 23. Ne5 Bd6 24. Nd3 Qc6 25. Kc2 Rd7 26. Rd4 Bc7
27. Rxd7 Kxd7 28. b3 b5 29. c5 Qd5 30. Bxf6 gxf6 31. Qd2 Ke7 32. Qxh6 Qf3 33.
Qe3 Qxh5 34. Qe4 f5 35. Qh4+ Qxh4 36. gxh4 a5 37. h5 e5 38. c6 e4 39. Nc5 Bb6
40. Nb7 Bxf2 41. c7 Kd7 42. Nd6 Kxc7 43. Nxf5 Be1 44. h6 b4 45. h7 Bc3 46. Nh6
f5 47. Nxf5 Kd7 48. Nh4 1-0

[Event "23rd ETCC Open 2021"]
[Site "Catez"]
[Date "2021.11.20"]
[Round "8.30"]
[White "Sanikidze, Tornike"]
[Black "Urkedal, Frode Olav Olsen"]
[Result "1-0"]
[WhiteElo "2458"]
[BlackElo "2569"]
[Annotator "ChessBase"]
[PlyCount "89"]
[EventDate "2021.11.08"]
[EventType "team-tourn"]
[EventCountry "SLO"]
[SourceTitle "playchess.com"]
[Source "ChessBase"]
[SourceQuality "1"]
[WhiteTeam "Georgia"]
[BlackTeam "Norway"]
[WhiteTeamCountry "GEO"]
[BlackTeamCountry "NOR"]
[TimeControl "40/5400+30:1800+30"]

1. e4 e5 2. Nf3 Nc6 3. Bc4 Nf6 4. Ng5 d5 5. exd5 Na5 6. Bb5+ c6 7. dxc6 bxc6 8.
Bd3 Nd5 9. Nf3 Bd6 10. O-O Nf4 11. Nc3 Nxd3 12. cxd3 O-O 13. Ne4 c5 14. b3 Nc6
15. Re1 Re8 16. Ba3 Bf8 17. Rc1 Nb4 18. Bxb4 cxb4 19. Ng3 Bb7 20. Nxe5 f6 21.
Nc4 Qd5 22. Re4 Qxd3 23. Rxe8 Rxe8 24. Qf1 Qd7 25. Rd1 f5 26. d4 f4 27. Ne5 Qe6
28. Nh5 f3 29. Nf4 fxg2 30. Qb5 Qc8 31. Qc4+ Qxc4 32. bxc4 a5 33. Nfd3 g5 34.
f3 a4 35. Kxg2 g4 36. Kf2 gxf3 37. Rg1+ Bg7 38. Nxb4 Kf8 39. Nbd3 Rd8 40. Rg4
a3 41. Nc5 Bc8 42. Rf4+ Kg8 43. Nc6 Re8 44. Rxf3 Bg4 45. Rxa3 1-0

[Event "23rd ETCC Open 2021"]
[Site "Catez"]
[Date "2021.11.20"]
[Round "8.31"]
[White "Hauge, Lars Oskar"]
[Black "Paichadze, Luka"]
[Result "0-1"]
[WhiteElo "2490"]
[BlackElo "2551"]
[Annotator "ChessBase"]
[PlyCount "94"]
[EventDate "2021.11.08"]
[EventType "team-tourn"]
[EventCountry "SLO"]
[SourceTitle "playchess.com"]
[Source "ChessBase"]
[SourceQuality "1"]
[WhiteTeam "Norway"]
[BlackTeam "Georgia"]
[WhiteTeamCountry "NOR"]
[BlackTeamCountry "GEO"]
[TimeControl "40/5400+30:1800+30"]

1. e4 c6 2. d4 d5 3. exd5 cxd5 4. Bd3 Nc6 5. c3 Nf6 6. Nf3 Bg4 7. Bf4 e6 8.
Nbd2 Bd6 9. Bxd6 Qxd6 10. O-O O-O 11. Qe1 Nd7 12. Qe3 Ne7 13. Rfe1 Bf5 14. Ne5
Nxe5 15. dxe5 Qc7 16. Bf1 Bg6 17. Nb3 Nf5 18. Qd2 Qb6 19. Bd3 Ne7 20. Bf1 a5
21. Nd4 a4 22. Rac1 Nc6 23. Re3 Rfc8 24. Nb5 Ra5 25. c4 dxc4 26. Nd6 Rd8 27.
Qc3 Rxe5 28. Nxc4 Rxe3 29. Nxb6 Rxc3 30. Rxc3 Rd4 31. a3 h5 32. Rc1 Na5 33. Bb5
Nb3 34. Re1 Nc5 35. Rc1 Rd2 36. f3 Nb3 37. Rc8+ Kh7 38. Nc4 Rd1+ 39. Kf2 Rc1
40. Bxa4 Nd4 41. Ke3 Nf5+ 42. Kf2 Ne7 43. Rc5 Bd3 44. Bb3 Nd5 45. Kg3 g5 46.
Rc8 h4+ 47. Kg4 f6 0-1

[Event "23rd ETCC Open 2021"]
[Site "Catez"]
[Date "2021.11.20"]
[Round "8.32"]
[White "Pantsulaia, Levan"]
[Black "Notkevich, Benjamin Arvola"]
[Result "1/2-1/2"]
[WhiteElo "2571"]
[BlackElo "2471"]
[Annotator "ChessBase"]
[PlyCount "97"]
[EventDate "2021.11.08"]
[EventType "team-tourn"]
[EventCountry "SLO"]
[SourceTitle "playchess.com"]
[Source "ChessBase"]
[SourceQuality "1"]
[WhiteTeam "Georgia"]
[BlackTeam "Norway"]
[WhiteTeamCountry "GEO"]
[BlackTeamCountry "NOR"]
[TimeControl "40/5400+30:1800+30"]

1. Nf3 g6 2. c4 Bg7 3. Nc3 Nf6 4. g3 O-O 5. Bg2 c6 6. d4 d5 7. Ne5 dxc4 8. Nxc4
Be6 9. b3 Nd5 10. Ne4 Nb6 11. Ne5 Bd5 12. O-O f6 13. Nc4 f5 14. Ng5 Bxg2 15.
Kxg2 Bxd4 16. Rb1 Qd5+ 17. f3 Bf6 18. Qc2 Na6 19. a3 Rfd8 20. Be3 c5 21. Nxb6
axb6 22. Rbd1 Bd4 23. Bc1 h6 24. e4 Qd7 25. Qc4+ e6 26. Qxe6+ Kg7 27. Qxd7+
Rxd7 28. Ne6+ Kh7 29. Bb2 Nc7 30. Nxd4 cxd4 31. Rxd4 Rxd4 32. Bxd4 Rxa3 33.
exf5 gxf5 34. Re1 Nb5 35. Re7+ Kg8 36. Be5 Rxb3 37. Rg7+ Kf8 38. Rxb7 Na3 39.
Bg7+ Ke8 40. Bxh6 Nc2 41. h4 Ne1+ 42. Kf2 Nxf3 43. Bf4 Nh2 44. Ke2 Ng4 45. Rg7
Nf6 46. Be5 Ng4 47. Bf4 Nf6 48. Be5 Ng4 49. Bf4 1/2-1/2

[Event "23rd ETCC Open 2021"]
[Site "Catez"]
[Date "2021.11.20"]
[Round "8.33"]
[White "Nisipeanu, Liviu-Dieter"]
[Black "Bogner, Sebastian"]
[Result "1/2-1/2"]
[WhiteElo "2651"]
[BlackElo "2574"]
[Annotator "TA"]
[PlyCount "95"]
[EventDate "2021.11.08"]
[EventType "team-tourn"]
[EventCountry "SLO"]
[SourceTitle "playchess.com"]
[Source "ChessBase"]
[SourceQuality "1"]
[WhiteTeam "Germany"]
[BlackTeam "Switzerland"]
[WhiteTeamCountry "GER"]
[BlackTeamCountry "SUI"]

{[%evp 17,95,0,12,0,0,0,0,-24,0,0,0,0,0,0,0,0,0,0,0,0,2,5,10,10,214,6,10,8,5,8,
44,7,13,-4,0,0,28,23,25,20,33,-12,-14,-19,-14,-26,-14,-22,-14,-14,-5,-7,-5,-5,
-4,-4,0,0,0,0,0,0,0,0,0,0,0,0,0,0,0,0,0,0,0,0,0,0,0,0]} 1. d4 Nf6 2. c4 e6 3.
Nc3 Bb4 4. e3 O-O 5. Bd3 c5 6. Nf3 d5 7. O-O cxd4 8. exd4 dxc4 9. Bxc4 b6 10.
Qa4 {E54: Nimzo-Indian: Rubinstein: Main Line: 7...dxc4 8 Bxc4.} Bxc3 11. bxc3
Qc7 {[#]} 12. Ba3 $146 ({Predecessor:} 12. Ne5 Bb7 13. Bf4 Rc8 14. Rac1 Nc6 15.
Be2 Nd5 16. Bg3 Qd8 17. Nc4 Nxc3 18. Rxc3 Nxd4 {1/2-1/2 (26) Berkes,F (2673)
-Halkias,S (2567) Tornelo INT 2021}) 12... Rd8 13. Ne5 Bb7 14. Rfe1 Nd5 15.
Bxd5 Bxd5 16. c4 Bc6 17. Qb4 Bb7 18. d5 exd5 19. cxd5 Bxd5 20. Rac1 Qb7 (20...
Nc6 $11 21. Nxc6 Bxc6) 21. Bb2 $2 (21. Ng4 $1 $18 h5 22. Bb2) 21... f6 $1 $11 {
[%cal Rf6e5]} 22. Ng4 Nc6 ({Don't go for} 22... Bxa2 $2 23. Re7 $18) 23. Qf4 {
Nxf6+! is the strong threat.} Rf8 ({But not} 23... Bxa2 $2 24. Nxf6+ Kh8 25.
Qe4 $1 $18) 24. Re3 {[%cal Rg4f6][%mdl 1024] Hoping for Nxf6+! White has
compensation.} (24. Ne3 $5 {[%cal Re3d5]} Qf7 25. Red1 $16) 24... Qf7 25. Rce1
Kh8 26. Qf5 Ne5 27. Rh3 {[%csl Gh3][%cal Rf5h7]} Qg8 {And now ...Be6 would win.
} 28. Bxe5 {[%cal Rg4f6] Strongly threatening Nxf6!} Be6 29. Qh5 {aiming for
Bc3.} (29. Qxf6 $5 Bxg4 {[#]} 30. Qxg7+ $1 Qxg7 31. Bxg7+ Kxg7 32. Rg3 $11)
29... Bxg4 30. Qxg4 {Threatens to win with Bc3.} fxe5 31. Qe4 (31. Ra3 {
with more complications.} Qf7 32. Qg3 Rae8 33. h3 e4 34. Ra4) 31... Rae8 32. a3
{The position is equal.} h6 33. Rhe3 Re7 34. h3 Qa2 35. R1e2 Qa1+ 36. Kh2 Ref7
37. f3 Rf5 38. Rd3 Qc1 39. Red2 Qc5 40. Rd8 Rf4 41. Rxf8+ Rxf8 {[%mdl 4096]
Endgame KQR-KQR} 42. Rd7 Qxa3 43. Qxe5 {[%csl Gd7][%cal Re5g7]} Rg8 44. f4 Qc5
45. Rxa7 Qxe5 46. fxe5 Re8 47. Rb7 Rxe5 48. Rxb6 {Weighted Error Value:
White=0.11/Black=0.11} 1/2-1/2

[Event "23rd ETCC Open 2021"]
[Site "Catez"]
[Date "2021.11.20"]
[Round "8.34"]
[White "Pelletier, Yannick"]
[Black "Donchenko, Alexander"]
[Result "1/2-1/2"]
[WhiteElo "2564"]
[BlackElo "2645"]
[Annotator "TA"]
[PlyCount "155"]
[EventDate "2021.11.08"]
[EventType "team-tourn"]
[EventCountry "SLO"]
[SourceTitle "playchess.com"]
[Source "ChessBase"]
[SourceQuality "1"]
[WhiteTeam "Switzerland"]
[BlackTeam "Germany"]
[WhiteTeamCountry "SUI"]
[BlackTeamCountry "GER"]

{[%evp 9,155,27,23,14,36,0,58,18,31,37,39,38,44,29,21,0,0,0,0,0,0,0,0,0,0,-26,
-29,-8,-15,-17,0,0,0,0,0,0,-6,-14,0,0,1,0,0,0,2,8,25,2,4,9,57,67,59,50,52,38,
38,56,50,25,108,108,124,114,151,108,131,85,101,89,89,96,98,97,97,96,87,66,70,
70,65,68,67,66,65,66,61,65,61,66,80,69,93,93,96,39,61,27,27,27,41,31,47,27,27,
27,27,27,27,27,37,37,50,0,34,27,27,8,8,0,29,14,20,20,41,31,33,27,36,0,33,34,42,
14,14,16,18,11,13,13,16,0,0,0,0,0,0,0]} 1. Nf3 Nf6 2. c4 e6 3. Nc3 d5 4. d4 a6
5. cxd5 exd5 6. Bg5 {D37: Queen's Gambit Declined: 5 Bf4.} Be6 7. Qb3 Ra7 (7...
Nbd7 $11) 8. e3 {White is slightly better.} (8. e4 $5) 8... Nbd7 9. Qc2 Bd6 10.
Bd3 c6 11. O-O Qc7 12. e4 dxe4 13. Nxe4 Nxe4 14. Bxe4 h6 15. Bh4 O-O {[#]} 16.
Rfe1 $146 ({Predecessor:} 16. Rac1 Nb6 17. Bg3 Raa8 18. Ne5 Rad8 19. Rfe1 Rfe8
20. a3 Nd5 21. Bh7+ Kf8 22. Bf5 {0-1 (57) Sarana,A (2636)-Maghsoodloo,P (2671)
Chess.com INT 2019}) 16... Raa8 17. Re3 Nb6 18. Rae1 Nd5 ({But not} 18... Bxa2
$2 19. b3 $18) 19. Bxd5 cxd5 20. Qb3 Qc4 21. Bg3 Bb4 22. Rd1 Qb5 23. a4 Qc4 (
23... Qb6 {is interesting.} 24. Ne5 Rac8 25. f4 a5 26. Be1 Bf5) 24. Ne5 $1 {
[%cal Re5c4]} Qxb3 25. Rxb3 a5 26. Nd3 Bd7 27. Ra1 Rfc8 28. h3 Rc4 29. Ne5 Rd8
30. Nxc4 dxc4 31. Re3 Bc6 32. Rc1 Rxd4 33. Be5 Rd5 {White should prevent ...
Bd2.} 34. Rxc4 f6 (34... Rd1+ $1 $11 {remains equal.} 35. Kh2 f6) 35. Bd4 $16
Kh7 36. b3 h5 37. h4 Bd2 38. Rd3 Bb4 39. f3 Rd6 40. Kf2 Bd7 41. Ke2 {aiming
for Bc3.} Bf5 {[#]} 42. Re3 $1 {Hoping for Bc3.} b6 43. Bc3 Bc5 {[#]} 44. Rxc5
bxc5 45. Bxa5 $14 {[%mdl 4096] Endgame KRB-KRB} Bc2 46. Rc3 Bd1+ 47. Ke3 c4 48.
bxc4 {Threatens to win with Ra3.} Bxa4 49. Ra3 Bc6 50. Bc3 g5 51. hxg5 fxg5 52.
Ra6 (52. Ra7+ $16 Kg6 53. Rg7+ Kf5 54. Rf7+ Ke6 55. Rg7) 52... Kg6 53. Be5 Re6
54. Kd4 Kf5 55. Ra5 Kg6 56. Ra7 h4 57. Rg7+ Kf5 58. Rf7+ Kg6 59. Rf8 Bb7 60.
Rg8+ Kf5 61. Rf8+ Kg6 62. c5 Bc6 63. Rg8+ Kf5 64. Rf8+ (64. Bb8 {keeps more
tension.} Re2 65. Rc8 Bd7 66. Rf8+ Ke6 67. g3) 64... Kg6 65. Rc8 Kf5 66. Bd6
Ba4 67. Rf8+ Kg6 68. Rg8+ Kf5 69. Rf8+ Kg6 $1 70. Ra8 Bc6 71. Ra6 (71. Rg8+ {
feels hotter.} Kf6 72. Rf8+ Kg7 73. Rc8 h3 74. gxh3 Bxf3 75. Be5+) 71... h3 {
The position is equal.} 72. gxh3 Bxf3 73. Ra3 Re4+ 74. Kd3 Rh4 75. Rc3 Rxh3 76.
Kd2 Bg2 77. Rxh3 Bxh3 78. Ke3 {Weighted Error Value: White=0.08/Black=0.10}
1/2-1/2

[Event "23rd ETCC Open 2021"]
[Site "Catez"]
[Date "2021.11.20"]
[Round "8.35"]
[White "Keymer, Vincent"]
[Black "Georgiadis, Nico"]
[Result "1-0"]
[WhiteElo "2639"]
[BlackElo "2553"]
[Annotator "TA"]
[PlyCount "73"]
[EventDate "2021.11.08"]
[EventType "team-tourn"]
[EventCountry "SLO"]
[SourceTitle "playchess.com"]
[Source "ChessBase"]
[SourceQuality "1"]
[WhiteTeam "Germany"]
[BlackTeam "Switzerland"]
[WhiteTeamCountry "GER"]
[BlackTeamCountry "SUI"]

{[%evp 12,73,32,33,37,35,35,35,27,5,6,7,8,-2,0,-5,7,7,11,12,30,12,21,18,55,49,
54,47,49,48,49,50,49,62,87,44,47,38,142,142,204,204,197,200,387,377,528,566,
650,536,606,537,5106,5098,1021,376,376,370,356,354,354,320,29984,29985]} 1. c4
e6 2. Nc3 d5 3. d4 c5 4. cxd5 exd5 5. Nf3 Nc6 6. dxc5 d4 7. Na4 Bxc5 {[%mdl 64]
Decoy. D32: Tarrasch Defence: Sidelines and lines without g3.} 8. Nxc5 Qa5+ 9.
Bd2 Qxc5 {White is slightly better.} 10. e3 dxe3 11. Bxe3 Qb4+ 12. Bd2 $5 {
[%mdl 4] A promising side line.} Qxb2 13. Bc4 {[#]} Nge7 $146 ({Predecessor:} 
13... Bg4 14. Rb1 Qf6 15. Rxb7 Nge7 16. Be2 Rd8 17. O-O O-O 18. Qc1 h6 19. Be3
Rb8 20. Rxb8 Rxb8 {1-0 (37) Zawierucha,A (2057)-Wieczorek,J (1593) Orlova 2008}
) 14. Rb1 Qf6 15. O-O {Threatens to win with Bg5.} h6 16. Qb3 O-O 17. Rfe1 Bg4
18. Bc3 (18. Qxb7 $2 Bxf3 19. Rb3 (19. gxf3 $2 Rab8 $19) 19... Rfb8 $1 $19)
18... Qg6 {[#] White must now prevent ...Bxf3.} 19. Rxe7 $1 Nxe7 20. Ne5 Qf5
21. h3 $36 {[%mdl 2048] White has some pressure.} Bxh3 22. gxh3 Rac8 23. Re1 {
[%cal Bb1e1,Be1e3,Be3f3][%mdl 1056] White has strong compensation.} Ng6 24. Re3
{Strongly threatening Nxg6.} Nf4 (24... Nxe5 $14 25. Bxe5 Rfd8) 25. Rf3 $16 b5
{[#]} (25... Nxh3+ $16 {was worth a try.} 26. Kf1 Nf4) 26. Bxf7+ $1 $18 (26.
Qxb5 $6 Nxh3+ 27. Kh2 Nf4 $16) (26. Bxb5 Rc5 $11) 26... Rxf7 27. Nxf7 Rc4 $2 (
27... Qg6+ 28. Rg3 (28. Ng5+ Rc4 $11) 28... Rxc3 29. Nxh6+ {[%mdl 64]
Discovered Attack (Double check)} (29. Qxc3 Ne2+ {[%mdl 64] Pin} 30. Kg2 Nxg3
$11) 29... Kh7 30. Qg8+ Kxh6 31. Rxg6+ (31. Qh8+ $2 Qh7 $19) 31... Nxg6) 28.
Ne5 {[%mdl 64] Pin} Qg5+ (28... Qe4 {keeps fighting.} 29. Nxc4 Qxf3 30. Ne5+
Qd5) 29. Kf1 {Rg3 is the strong threat.} Qg2+ 30. Ke1 {Hoping for Rxf4.} Kh7
31. Qb1+ g6 32. Qxb5 {White threatens Qd7+ and mate.} Re4+ 33. Kd2 $2 (33. Kd1
Rxe5 34. Qb7+ (34. Qxe5 Qxf3+ 35. Kc2 Qe2+ 36. Qxe2 Nxe2 $11) 34... Kg8 35. Kc2
Qxf3 36. Qxf3) 33... Re2+ 34. Qxe2 $1 Nxe2 35. Kxe2 Qh1 36. Ng4 {Rf7+ would
kill now.} Qc1 $2 (36... g5 $18 37. Rf7+ {[%mdl 64] Double Attack} Kg6) 37.
Nf6+ {Weighted Error Value: White=0.23/Black=0.58} 1-0

[Event "23rd ETCC Open 2021"]
[Site "Catez"]
[Date "2021.11.20"]
[Round "8.36"]
[White "Kurmann, Oliver"]
[Black "Svane, Rasmus"]
[Result "1/2-1/2"]
[WhiteElo "2458"]
[BlackElo "2628"]
[Annotator "TA"]
[PlyCount "236"]
[EventDate "2021.11.08"]
[EventType "team-tourn"]
[EventCountry "SLO"]
[SourceTitle "playchess.com"]
[Source "ChessBase"]
[SourceQuality "1"]
[WhiteTeam "Switzerland"]
[BlackTeam "Germany"]
[WhiteTeamCountry "SUI"]
[BlackTeamCountry "GER"]

{[%evp 9,236,0,5,0,4,10,20,17,20,0,0,-4,-7,-13,0,0,0,0,10,0,0,0,2,2,2,2,2,6,6,
7,7,4,12,6,7,0,0,0,0,-12,0,0,0,-16,0,-8,-10,-4,-5,-11,0,-8,0,0,0,-8,-8,-8,-9,
-9,-9,-19,-3,-16,-3,-12,0,-13,-3,-3,-3,-3,-3,-3,-3,-9,0,-53,0,-9,-11,-49,-14,
-40,-35,-27,-29,-20,-25,-36,-31,-17,-21,-17,-17,-43,-14,-14,-14,-14,-15,-60,
-60,-177,-43,-174,-43,-43,-44,-158,-60,-56,0,-15,-16,-30,-8,-15,0,0,0,0,0,-7,
-7,-7,0,0,0,0,0,-8,0,0,0,0,0,0,0,0,0,0,0,0,0,-30,0,-30,-30,-30,-30,-30,0,-30,
-8,-30,0,-30,-30,-30,0,-30,-30,-30,-30,-30,-30,-30,-30,-30,-30,-30,-30,-30,-30,
-30,-30,-30,-30,-30,-30,-30,-30,-30,-30,-30,-30,-30,-30,-30,-30,-30,-30,-30,
-30,-30,-30,-30,-30,-30,-30,-30,0,0,0,-30,-30,-30,-30,-30,0,-6,0,-14,-14,-15,
-22,-30,-8,-8,0,-30,-30,-30,-30,-30,-30,-30,-30]} 1. e4 c6 2. Nf3 d5 3. d3 dxe4
4. dxe4 Qxd1+ 5. Kxd1 Nf6 6. Nbd2 {B10: Caro-Kann: 2 d3 and 2 c4.} g6 7. Ne1
Bh6 8. f3 {The position is equal.} Be6 9. a4 {[#]} Nbd7 $146 ({Predecessor:} 
9... a5 10. b3 Nfd7 11. Bb2 f6 12. Bc4 Nc5 13. Bxe6 Nxe6 14. Nc4 Na6 15. Bc3 b5
16. Nxa5 {1-0 (34) Carlsson,L (2258)-Pantzar,M (2421) Helsingborg 2021}) 10.
Nc4 (10. Nd3 {is more complex.} O-O-O 11. b3 Nh5 12. g3 f5 13. a5) 10... Bxc1
11. Kxc1 Bxc4 12. Bxc4 Ne5 13. Be2 g5 (13... O-O-O {with more complications.}
14. a5 Kc7 15. f4 Ned7 16. e5 Nd5) 14. Nd3 Nxd3+ 15. Bxd3 h5 16. h4 Rg8 17.
hxg5 Rxg5 18. Rh2 e6 19. Kd2 Ke7 20. Ke3 Rag8 21. Bf1 a5 22. Rd1 Nd7 23. Kf2
Rc5 24. Rd2 Nb6 25. b3 Nd7 26. Rh3 Nf6 27. Ke3 b5 28. axb5 cxb5 29. Bd3 Rcg5
30. Rh1 b4 31. Rh2 Nd7 32. Kf2 Rc5 33. g3 Ne5 34. Be2 Rgc8 35. Bd1 Nd7 36. Ke3
Rg8 37. Kf2 Rgc8 38. Ke3 Rg5 39. Rh3 Nf6 40. Be2 Rc3+ 41. Kf2 Rgc5 42. Bd1 Nd7
43. Kg2 (43. Rh1 $11) 43... Nf6 44. Kf2 Ne8 45. Re2 a4 46. bxa4 Ra3 47. Rd2 Nd6
48. Be2 Rxa4 49. Rh1 Ra2 50. Rb1 Nc4 51. Bxc4 Rxc4 $11 {[%mdl 4096] Endgame
KRR-KRR} 52. Ke3 Rc3+ 53. Kf4 Raa3 54. Rf2 Rc4 55. Rd2 Kf6 {[%csl Gf6][%cal
Re6e5] [#]} 56. g4 ({Only move:} 56. Rb3 $1 $15) 56... e5+ $19 57. Kg3 Rxe4 (
57... h4+ $1 $19 58. Kxh4 Rxf3 59. Rd6+ Kg7) 58. gxh5 $15 Kg5 59. Rh2 ({
White should try} 59. Rd8 $15) 59... Rf4 (59... Rg4+ $1 $17 60. Kf2 Rc4) 60.
Rb3 Ra6 (60... Kh6 $15) 61. c3 bxc3 62. Rxc3 Rh6 63. Rc8 Rd4 64. Rg8+ Kf5 65.
Rg7 f6 66. Rg8 (66. Rh1 {feels hotter.} Rd8 67. Rg4 Ra8 68. Rb4 Rg8+ 69. Kf2)
66... Rd3 67. Rg4 Rd8 68. Rh1 Rc8 69. Ra4 Rg8+ 70. Rg4 Rgh8 71. Rgh4 R8h7 72.
R1h2 Rb7 73. Rh1 Rb8 74. Rg4 Rbh8 75. Rgh4 Ke6 76. R1h2 f5 77. Rh1 (77. f4 {
seems wilder.} e4 78. Rh1 Kf7 79. Kf2 Ra6 80. Rb1) 77... Kf6 78. Ra1 f4+ 79.
Kf2 Kf5 80. Ra7 Rb8 81. Ra2 Rb1 82. Re2 (82. Ke2 {looks sharper.} Rb3 83. Ra8
Re3+ 84. Kf2 Rb6 85. h6) 82... Rb8 83. Ra2 Rg8 84. Ra7 Rc8 85. Ra2 Rd8 86. Rb2
Rg8 87. Rb7 Rg5 88. Rf7+ Ke6 89. Ra7 {[#] Threatens to win with Ra6+.} Rhxh5
90. Rxh5 Rxh5 $11 {KR-KR} 91. Ra6+ Kf5 92. Kg2 Rh8 93. Ra7 Rc8 (93... Rb8 {
is interesting.} 94. Ra5 Rb2+ 95. Kf1 Rd2 96. Ke1 Rc2) 94. Ra2 Ke6 95. Rd2 Rc5
96. Kf2 Rd5 97. Ra2 Kd6 98. Rc2 Rc5 99. Rd2+ Kc6 100. Kg2 Rc1 101. Ra2 Kd5 102.
Rd2+ Kc4 103. Re2 Kd4 104. Re4+ Kd5 105. Re2 Rc5 (105... Rc3 {with more
complications.} 106. Rd2+ Kc4 107. Kf2 Rd3 108. Ra2 Kd5) 106. Rd2+ Kc4 107. Kf2
Rd5 (107... Rb5 {keeps more tension.} 108. Ke2 Rb3 109. Rd8 Rb2+ 110. Kf1 Kc5)
108. Rc2+ Kd3 109. Rc8 Kd2 110. Ra8 (110. Rc4 {is interesting.} Rd8 111. Re4
Re8 112. Kg2 Kd3 113. Kh3) 110... Kd1 111. Re8 Rc5 112. Re7 Kc2 113. Re8 Kd3
114. Rd8+ Kc4 115. Ke2 Rb5 {Black has an edge.} 116. Rc8+ Kd5 117. Rd8+ Ke6
118. Rd2 Kf5 {Weighted Error Value: White=0.12/Black=0.11} 1/2-1/2

[Event "23rd ETCC Open 2021"]
[Site "Catez"]
[Date "2021.11.20"]
[Round "8.37"]
[White "Lenic, Luka"]
[Black "Nabaty, Tamir"]
[Result "1/2-1/2"]
[WhiteElo "2633"]
[BlackElo "2649"]
[Annotator "TA"]
[PlyCount "82"]
[EventDate "2021.11.08"]
[EventType "team-tourn"]
[EventCountry "SLO"]
[SourceTitle "playchess.com"]
[Source "ChessBase"]
[SourceQuality "1"]
[WhiteTeam "Slovenia"]
[BlackTeam "Israel"]
[WhiteTeamCountry "SLO"]
[BlackTeamCountry "ISR"]

{[%evp 11,82,25,44,24,34,7,16,18,19,5,4,7,0,7,16,0,0,-7,-25,-22,-10,-11,0,-22,
-22,-18,-8,-8,-17,-11,-4,-12,-12,-12,-12,-16,-4,-20,-20,-13,-5,0,12,-8,-12,-48,
0,-6,0,0,0,-11,0,-16,-14,-16,-8,-91,-97,-236,-171,-184,-50,-50,-14,-12,0,0,0,0,
0,-10,-10]} 1. d4 d5 2. c4 e6 3. Nf3 dxc4 4. e3 Nf6 5. Bxc4 a6 6. O-O Be7 7.
Be2 {D26: Queen's Gambit Accepted: 4 e3 e6 5 Bxc5 c5 sidelines.} O-O {[#]} 8.
b3 $146 ({Predecessor:} 8. Nbd2 c5 9. dxc5 Nbd7 10. a3 Nxc5 11. Qc2 b5 12. b4
Na4 13. Nd4 Bb7 14. N2b3 Rc8 {0-1 (28) Perera Borrego,M (2065)-Picazo Lopez,J 
(2269) Malaga 2010}) 8... Nbd7 9. Bb2 b6 10. Nbd2 Bb7 11. Rc1 c5 12. dxc5 Bxc5
13. Bd3 Qe7 14. e4 Rfd8 15. Qe2 Nf8 16. Ne5 N6d7 17. Ndf3 Nxe5 18. Nxe5 f6 19.
Nc4 Ng6 {Threatens to win with ...Nf4.} 20. g3 Rac8 21. Rfd1 b5 22. Ne3 {
[%cal Bc4e3,Be3c2,Bc2d4][%mdl 32]} Ba3 23. Rxc8 Rxc8 24. Ba1 Qc7 25. Bb1 Qc6
26. Nc2 Bc5 27. Nd4 Qb6 28. Nf3 Ba3 29. Bd4 Qc6 30. Be3 e5 31. h4 Ne7 32. Rd2
Qe6 33. Ne1 f5 34. exf5 (34. Qd1 $11 {keeps the balance.}) 34... Nxf5 $17 35.
Rc2 (35. Bxf5 $17 Qxf5 36. Kh2) 35... Rf8 36. Qd3 {[#] intending Rc7.} Nxe3 (
36... Bd6 $1 $19 37. Bc5 e4) 37. Rc7 $15 {[%csl Gb1][%cal Rd3h7] [#]} e4 $1 38.
Qxe3 {The position is equal.} Bd5 39. Qd4 {[%csl Gc7][%cal Rd4g7]} Rf6 40. Ng2
{Hoping for Nf4.} Bd6 41. Rc1 Be5 {Weighted Error Value: White=0.15/Black=0.15}
1/2-1/2

[Event "23rd ETCC Open 2021"]
[Site "Catez"]
[Date "2021.11.20"]
[Round "8.38"]
[White "Smirin, Ilia"]
[Black "Borisek, Jure"]
[Result "1-0"]
[WhiteElo "2616"]
[BlackElo "2595"]
[Annotator "TA"]
[PlyCount "81"]
[EventDate "2021.11.08"]
[EventType "team-tourn"]
[EventCountry "SLO"]
[SourceTitle "playchess.com"]
[Source "ChessBase"]
[SourceQuality "1"]
[WhiteTeam "Israel"]
[BlackTeam "Slovenia"]
[WhiteTeamCountry "ISR"]
[BlackTeamCountry "SLO"]

{[%evp 9,81,15,30,-17,0,-11,-9,-10,6,0,40,41,49,39,41,42,53,21,28,29,24,12,16,
0,26,0,0,0,0,0,0,0,0,0,0,0,0,-10,-5,-23,-12,-20,-12,-26,0,0,0,0,0,0,0,0,0,0,0,
0,0,0,0,0,0,0,0,-31,441,-7,2,13,16,9,420,437,383,383]} 1. e4 e5 2. Nf3 Nc6 3.
Bb5 Nf6 4. O-O Nxe4 5. d4 Nd6 6. Ba4 {C67: Ruy Lopez: Berlin Defence: 4 0-0
Nxe4.} (6. Bxc6 $5 bxc6 7. dxe5 $14) 6... e4 7. Re1 Be7 8. Ne5 {The position
is equal.} O-O 9. Nc3 Bg5 10. Nxe4 Nxe4 11. Rxe4 Bxc1 12. Rxc1 Ne7 13. Qh5 {[#]
} g6 $146 ({Predecessor:} 13... d6 14. Nf3 h6 15. Bb3 d5 16. Ree1 c6 17. c3 Ng6
18. Bc2 Qf6 19. Ne5 Nf4 {1/2-1/2 (33) Schnider,G (2419)-Velicka,P (2420)
Austria 2017}) 14. Qh6 {Rh4 would kill now.} Nf5 15. Qf4 d6 16. Nf3 Be6 17. Bb3
Bxb3 18. axb3 d5 19. Re5 f6 20. Re6 Ng7 21. Re2 Qd7 22. Rce1 {With the idea
Re7.} Rae8 23. Rxe8 Nxe8 24. c4 c6 25. cxd5 cxd5 26. Rc1 Nd6 27. h4 Nb5 28. Nh2
b6 29. Ng4 Qe6 30. Kf1 h5 31. Ne3 Kg7 32. f3 Rd8 33. g4 hxg4 34. Nxg4 {Hoping
for Qh6+.} Rh8 35. Re1 Qf7 36. Ne3 {Nxd5! is the strong threat.} Qd7 {[%mdl
8192] [#]} (36... Qc7 $15 {stays ahead.} 37. Qxc7+ Nxc7) 37. Kf2 $2 ({Only
move:} 37. Nxd5 $1 $18 {[%mdl 512]} Qd6 38. Re7+ Kf8 39. Qe4) 37... Qh3 38. Rg1
Kf7 ({Don't blunder} 38... Qxh4+ $2 39. Qxh4 Rxh4 40. Nf5+ Kf7 41. Nxh4 $18)
39. Rg4 g5 $2 {[%mdl 8192]} (39... Rd8 $1 $11 {and Black stays safe.}) 40. Qf5
$18 Qh2+ 41. Ng2 {Weighted Error Value: White=0.24/Black=0.39} 1-0